Derecho de daños: Homenaje al profesor Félix Trigo Represas

Guardat en:
Dades bibliogràfiques
Format: Llibre
Idioma:espanyol
Publicat: Buenos Aires La Rocca 1996
Matèries:
Etiquetes: Afegir etiqueta
Sense etiquetes, Sigues el primer a etiquetar aquest registre!

MARC

LEADER 00000nam a2200000 a 4500
001 UCP2887
003 CL-VaPUC
008 990604e19960000AG |||||||||||||||||spa|d
020 |a 9509714151v.1 
020 |a 9509714453v.2 
020 |a 950971481Xv.3 
082 0 4 |a 346.03  |b DER  |2 21 
245 1 0 |a Derecho de daños: Homenaje al profesor Félix Trigo Represas 
300 |a v 
942 |c BK 
945 |d 19990604 00:00:00  |a rbrito 
260 |a Buenos Aires  |b La Rocca  |c 1996 
500 |a v.3: La prueba en el proceso de daños 
650 7 |a RESPONSABILIDAD CIVIL  |2 CL-VaPUC  |9 429864 
650 0 |a Derecho procesal penal  |9 255496 
650 7 |a PROCESO DE DAÑOS  |2 CL-VaPUC  |9 429865 
650 7 |a TIPOS DE DAÑOS  |2 CL-VaPUC  |9 429866 
650 7 |a DAÑOS  |2 CL-VaPUC  |9 385714 
650 0 |a Patrimonio  |9 257770 
650 0 |a Derecho de propiedad  |9 256450 
583 |a last modification  |c 20161102 10:57:10  |k Rodrigo Vera 
999 |c 281353  |d 281351 
952 |0 0  |1 0  |4 0  |6 346_030000000000000_DER_1996  |7 0  |8 A  |9 322063  |a BIBDER  |b BIBDER  |d 2019-11-20  |h v.1  |i 3477738  |l 1  |o 346.03 DER 1996  |p 3477738  |r 2023-01-25  |s 2022-10-24  |w 2019-11-20  |y BK  |k DER 
952 |0 0  |1 0  |4 0  |6 346_030000000000000_DER_1996  |7 0  |8 A  |9 322064  |a BIBDER  |b BIBDER  |d 2019-11-20  |h v.2  |i 3477746  |o 346.03 DER 1996  |p 3477746  |r 2023-01-25  |w 2019-11-20  |y BK  |k DER 
952 |0 0  |1 0  |4 0  |6 346_030000000000000_DER_1996  |7 0  |8 A  |9 322065  |a BIBDER  |b BIBDER  |d 2019-11-20  |h v.3  |i 3477754  |o 346.03 DER 1996  |p 3477754  |r 2023-01-25  |w 2019-11-20  |y BK  |k DER